000 00508nam a2200181Ia 4500
005 20250508160241.0
008 008 250505s9999 xx 000 0 eng d
037 _aBooks to be hide in OPAC
040 _aFEDL
_beng
_cFEDL
041 _aeng
_2eng
084 _a371.335, JES/O
_qFEDL
100 _aJeswani K K
245 0 _aPreparing visual aids
260 _aDelhi, India
_bCentral Insititute of Education
300 _a27p.
942 _cHB
_h371.335, JES/O
999 _c1363069
_d1363069